|
|
|
|
| LEADER |
00000nab a2200000uu 4500 |
| 001 |
vtls010876488 |
| 003 |
SK-MaSNL |
| 005 |
20260303165019.0 |
| 008 |
230303|1972 xo |||||||||||||||||eng| |
| 015 |
|
|
|a SNBRB
|
| 035 |
|
|
|a (urnnbn)urn:nbn:sk:snk:ar-006a7i
|
| 035 |
|
|
|a (uuid)fbc987a7-fa93-42d2-917d-2ef80f4c9a78
|
| 035 |
|
|
|a urn:nbn:sk:snk-ab7q44
|
| 040 |
|
|
|a SNKBUCL
|b slo
|c SNKBUCL
|e AACR2
|
| 041 |
0 |
|
|a eng
|
| 044 |
|
|
|a xo
|c SK
|
| 100 |
1 |
|
|a Jindra, Antonín,
|d 1914-1986
|4 aut
|9 39362
|
| 245 |
1 |
0 |
|a Biosynthesis of Alkaloids
|n XXVIII
|p L-Phenylalanine:2-Oxoglutarate Aminotransferase from Lobelia inflata L. Plants
|c A. Jindra, H. Šmogrovičová, P. Kovács
|
| 700 |
1 |
|
|a Šmogrovičová, Hana
|4 aut
|9 626760
|
| 700 |
1 |
|
|a Kovács, Peter,
|d 1931-2022
|4 aut
|9 224002
|
| 773 |
0 |
|
|t Chemické zvesti
|g Roč. 26, č. 4 (1972), s. 360-366
|
| 954 |
|
|
|a odborná, vedecká literatúra cudzojazyčná (svetová)
|2 lita
|
| 954 |
|
|
|a odborná, vedecká literatúra pôvodná (slovenská)
|2 lita
|
| 958 |
|
|
|a OND
|
| 958 |
|
|
|a EUIPO
|
| 958 |
|
|
|a article8
|
| 999 |
|
|
|c 2069331
|d 2071261
|